Business statistics in practice /

Gardado en:
Detalles Bibliográficos
Autor Principal: Bowerman, Bruce L.
Outros autores: O'Connell, Richard T., Orris, J. B.
Formato: Libro
Publicado: Boston : McGraw-Hill/Irwin, c2007.
Edición:4th ed.
Series:The McGraw-Hill/Irwin series operations and decision sciences
Những chủ đề:
Acceso en liña:Table of contents only
Publisher description
Contributor biographical information
Các nhãn: Engadir etiqueta
Sen Etiquetas, Sexa o primeiro en etiquetar este rexistro!
Thư viện lưu trữ: Mạng thư viện Đại học Đà Nẵng
LEADER 01973cam a22004571a 4500
001 000033429
003 9593
005 20220805105953.0
020 |a 9780072977479 
020 |a 0072977477 (alk. paper) 
020 |a 9780073191867 (CD-ROM) 
020 |a 0073191868 (CD-ROM) 
040 |a lnn  |c lnn  |d lnn 
082 0 0 |a 519.5  |b BO-B 
100 1 |a Bowerman, Bruce L. 
245 1 0 |a Business statistics in practice /  |c Bruce L. Bowerman, Richard T. O'Connell ; with MegaStat and other contributions by J. Burdeane Orris. 
250 |a 4th ed. 
260 |a Boston :  |b McGraw-Hill/Irwin,  |c c2007. 
300 |a xxi, 881 p. :  |b col. ill. ;  |c 28 cm. 
440 4 |a The McGraw-Hill/Irwin series operations and decision sciences 
504 |a Includes bibliographical references (p. 872-873) and indexes. 
538 |a Systems requirements for accompanying computer disk: PC: Pentium based processor; Microsoft Windows 2000/XP; Microsoft Internet Explorer 5.5 as Default Browser; Microsoft Office or Equivalent. 
650 0 |a Commercial statistics. 
650 0 |a Statistics. 
700 1 |a O'Connell, Richard T. 
700 1 |a Orris, J. B. 
856 4 1 |3 Table of contents only  |u http://www.loc.gov/catdir/enhancements/fy0625/2005053422-t.html 
856 4 2 |3 Publisher description  |u http://www.loc.gov/catdir/enhancements/fy0710/2005053422-d.html 
856 4 2 |3 Contributor biographical information  |u http://www.loc.gov/catdir/enhancements/fy0737/2005053422-b.html 
OWN |a LNN 
AVA |a UDN50  |b LNN  |c English  |d 420.33 BW-B  |e available  |t Error 5001 Not defined in file expand_doc_bib_avail.  |f 2  |g 0  |h N  |i 0  |j AN 
999 |a From the UDN01 
AVA |a UDN50  |b LNN  |c English  |d 420.33 BW-B  |e available  |t Error 5001 Not defined in file expand_doc_bib_avail.  |f 2  |g 0  |h N  |i 0  |j AN 
TYP |a Monograph 
TYP |a Printed language 
TYP |a GV 
TYP |a ON 
980 |a Mạng thư viện Đại học Đà Nẵng